| 000 | 01600cam a22004454i 4500 | ||
|---|---|---|---|
| 003 | PE-LiUPU | ||
| 005 | 20250731172941.0 | ||
| 008 | 150623s r 000 0 d | ||
| 020 | _a0664255582 | ||
| 035 | _a(Sirsi) i9780664255589 | ||
| 040 |
_aPE-LiUPU _bspa _cPE-LiUPU _erda |
||
| 049 | _aPRUA | ||
| 082 | 0 | 4 |
_a223.206 _bM32 _221 |
| 100 | 1 |
_aMays, James Luther, _eautor. |
|
| 245 | 1 | 4 |
_aThe Lord reigns : _ba theological handbook to the Psalms / _cJames Luther Mays. |
| 264 | 1 |
_aLouisville, Kentucky : _bWestminster John Knox Press, _c1994. |
|
| 300 |
_a159 páginas ; _c23 centímetros |
||
| 336 |
_atext _2rdacontent |
||
| 337 |
_aunmediated _2rdamedia |
||
| 338 |
_avolume _2rdacarrier |
||
| 505 | 0 | _aThe liturgy of the kingdom of God. -Prayers of Need, Gratitude, and trust. -The praise of the Lord. -David as Psalmist and Messiah. -The Psalms as book and scripture. | |
| 526 | _aSEG42 | ||
| 526 | _aSEG41 | ||
| 526 | _aSEG40 | ||
| 526 | _aSEG39 | ||
| 526 | _aP94 | ||
| 526 | _aP87 | ||
| 526 | _aP86 | ||
| 526 | _aP85 | ||
| 526 | _aP77 | ||
| 526 | _aP76 | ||
| 526 | _aP35 | ||
| 630 |
_aBiblia. _pA.T. _pSalmos _xCrítica, interpretación, etc. |
||
| 942 |
_2ddc _cBOOK |
||
| 949 |
_a223.206 M32 _wDEWEY _c1 _i44605 _lCCODEBUL1 _mBUL _r0 _sY _tBOOK _u2015-6-24 _xTEOLOGIA _PP35 _0COMPRA _o.STAFF. Colección General |
||
| 994 |
_aC0 _bPEPRU |
||
| 596 | _a1 | ||
| 999 |
_a223.206 M32 _wDEWEY _c21462 _i44605 _d21462 _f2021-11-9 _g5 _lCCODEBUL1 _mBUL _q1 _r0 _sY _tBOOK _u2015-6-24 _xTEOLOGIA _PP35 _0COMPRA _o.STAFF. Colección General |
||
| 980 |
_81 _gALBERTO SANCHEZ Responsable de Automatización |
||